Ground and norm of morality (Record no. 4008)
[ view plain ]
| 000 -LEADER | |
|---|---|
| fixed length control field | 00538nam a22001697i 4500 |
| 020 ## - INTERNATIONAL STANDARD BOOK NUMBER | |
| International Standard Book Number | 9711130823 |
| 050 14 - LIBRARY OF CONGRESS CALL NUMBER | |
| Classification number | BJ 1188 |
| Item number | R456 |
| 100 ## - MAIN ENTRY--PERSONAL NAME | |
| Personal name | Reyes, Ramon Castillo |
| 245 ## - TITLE STATEMENT | |
| Title | Ground and norm of morality |
| Remainder of title | ethics for college students |
| Statement of responsibility, etc. | Ramon Castillo Reyes |
| 264 #1 - PRODUCTION, PUBLICATION, DISTRIBUTION, MANUFACTURE, AND COPYRIGHT NOTICE | |
| Place of production, publication, distribution, manufacture | Manila: |
| Name of producer, publisher, distributor, manufacturer | Ateneo de Manila University Press, |
| Date of production, publication, distribution, manufacture, or copyright notice | 1989. |
| 300 ## - PHYSICAL DESCRIPTION | |
| Extent | xi, 164 pages; |
| Dimensions | 22 cm. |
| 336 ## - CONTENT TYPE | |
| Content type term | text |
| Content type code | txt |
| Source | rdacontent |
| 337 ## - MEDIA TYPE | |
| Media type term | unmediated |
| Media type code | n |
| Source | rdamedia |
| 338 ## - CARRIER TYPE | |
| Carrier type term | volume |
| Carrier type code | nc |
| Source | rdacarrier |
| 650 ## - SUBJECT ADDED ENTRY--TOPICAL TERM | |
| Topical term or geographic name entry element | 1.Ethics (Moral philosophy). I.Title. |
| 942 ## - ADDED ENTRY ELEMENTS (KOHA) | |
| Koha item type | Filipiniana |
| Withdrawn status | Source of classification or shelving scheme | Damaged status | Not for loan | Collection code | Home library | Current library | Shelving location | Date acquired | Total Checkouts | Full call number | Barcode | Date last seen | Price effective from | Koha item type |
|---|---|---|---|---|---|---|---|---|---|---|---|---|---|---|
| Library of Congress Classification | Non-fiction | Binangonan College Library | Binangonan College Library | Filipiniana Section | 06/07/2023 | BJ 1188 R456 | URSBIN-850 | 02/24/2016 | 09/11/2019 | Filipiniana | ||||
| Library of Congress Classification | Non-fiction | Binangonan College Library | Binangonan College Library | Filipiniana Section | 06/07/2023 | BJ 1188 R456 | URSBIN-851 | 05/06/2016 | 05/06/2016 | Filipiniana |